000 00834nam a2200277 a 4500
001 25622
003 CO-ViMGA
008 141112s2004 ck r 000 u spa d
020 _a9789585716551
040 _aCO-ViMGA
_bspa
_cCO-ViMGA
041 _aSPA
090 _aN MON13
100 1 _aMontoya, Pablo, 1963 -
_939294
245 1 0 _aLos derrotados /
_cPablo Montaya
250 _a1a ed., 1a reimpr.
260 _aMedellín :
_bSílaba,
_c2013
300 _a318 p.
490 _aTrazos y sílabas
500 _aIncluye índice
600 _aCALDAS, FRANCISCO JOSE DE, 1771 - 1816
_939295
650 1 4 _aAUTORES COLOMBIANOS
_932
650 1 4 _aLITERATURA COLOMBIANA - SIGLO XX
_92057
650 1 4 _aNOVELA COLOMBIANA - SIGLO XX
_92058
651 _aCOLOMBIA - HISTORIA - COLONIA, 1550 - 1810 - NOVELA
_939296
942 _2ddc
_cBK
999 _c5195
_d5195